| 000 | 01598nam0a2200289 4500 | ||
|---|---|---|---|
| 001 | RU\NLR\bibl\102292 | ||
| 005 | 20250617084212.0 | ||
| 021 |
_aRU _b2000-13631 _9663 |
||
| 035 | _a(NLR Aleph) 000100053 | ||
| 090 |
_a564600 _c564600 |
||
| 100 | _a20000808d1999 |||y0rusy50 ca | ||
| 101 | 0 | _arus | |
| 102 | _aRU | ||
| 105 | _aa ||||||||| | ||
| 200 | 1 |
_aМоделирование химико-технологических процессов _eЭксперим.-стат. модели _eУчеб. пособие _e[Для студентов спец. 280200 (технология хим. волокон и композиц. материалов на их основе) и 280700 (хим. технология и оборуд. отделоч. пр-ва) хим.-технол. фак.] _fИ.В. Багров _gМ-во образования Рос. Федерации, С.-Петерб. гос. ун-т технологии и дизайна |
|
| 210 |
_aСПб. _cСПГУТД _d1999 |
||
| 215 |
_a79 с. _cил. _d20 |
||
| 320 | _aБиблиогр.: с. 71 (8 назв.) | ||
| 606 | 0 |
_aХимико-технологические процессы _jУчебные издания для высшей школы _xМатематическое моделирование _xСтатистические методы _92177981 _3RU\NLR\auth\661309886 |
|
| 686 | _aЛ11-5-05я73-1 | ||
| 700 | 1 |
_aБагров _bИ. В. _gИван Венедиктович _4070 |
|
| 801 | 0 |
_aRU _bNLR _c20000808 _gPSBO |
|
| 801 | 1 |
_aRU _bNLR _c20000808 |
|
| 852 |
_aNLR _j2000-4/3822 |
||
| 942 | _cBOOK | ||
| 980 | _aNB | ||